000 00682nam a22002177a 4500
003 UA-OsUOA
001 45338
007 ta
008 20070411b un ||||| |||| 00| 0 ukr d
100 _aРезунова М.В.
090 _a81
_bР-11
942 _cSA
040 _aUA-OsUOA
_bukr
_cUA-OsUOA
_dUA-OsUOA
245 _aО причастиях в английскоми немецком языках
300 _aС.84-86
955 _a0
041 _aukr
080 _a81
773 0 _w45336
_tИностранные языки в школе
_dМ.
_d2007
_g2
650 7 _a8 Мовознавство. Художня література. Літературознавство
_2UDC
999 _c331439
_d331439